000 00438nam a2200157Ia 4500
008 230312s9999||||xx |||||||||||||| ||und||
020 _a0-471-31037-9
082 _a004.22
_bENG-A
100 _aEnglander Irv
245 0 _aArchitecture of Computer Hardware and systems sosftware
260 _bJohn Wiley
_aNew York
_c1996
300 _a750
546 _aEng.
650 _aEngineering
_vIntroduction , User's Point of View ,
942 _cBK
999 _c3462
_d3462